00324nam a2200109Ia 4500008004100000041000800041100002000049245006700069260003300136300000800169700003700177250110s9999 xx 000 0 und d aeng aGamare Sarita S aLandscape Development Of Maharashtra Nature Park And Surrounds bM Arch Landscape, Punec2012 a65p aGuide Name:Kamalapurkar Shubhada